000 00607nmm a2200181Ia 4500
008 251105s9999||||xx |||||||||||||||||und||
041 _aspa
100 _aMartín Hernando, José Luis
245 0 _aIniciación a la informática con Windows 8
264 _a[Madrid, España] :
_bMinisterio de Educación, Cultura y Deporte de España,
_c2014
300 _a274 páginas
490 _aAula Mentor
650 _aTechnology and computing
700 _aMartín Hernando, José Luis
700 1 _a Roldón Tolosana, Luis Fernando
856 _uhttps://public.digitaliapublishing.com/a/39817
942 _cCF
999 _c68419
_d68419